000 00433nam a2200181Ia 4500
008 170705s9999 xx 000 0 und d
020 _a9780545532389
245 _aItty-bitty animals /
245 _cJoan Emerson.
260 _aNew York :
260 _bScholastic,
260 _c2013
300 _a32 pages :
300 _bcolor illustration ;
300 _c23cm.
440 _aScholastic reader level 2.
500 _a1030
999 _c336309
_d336309